| 000 | 01626nam0a22003011 4500 | ||
|---|---|---|---|
| 001 | rc\4349257 | ||
| 005 | 20251215122749.0 | ||
| 021 |
_aRU _bРг6605-66 |
||
| 035 | _a(NLR Aleph) 008277659 | ||
| 090 |
_a8496420 _c8496420 |
||
| 100 | _a20130416d1966 |||y0rusy50 ca | ||
| 101 | 0 | _arus | |
| 102 | _aRU | ||
| 105 | _ay z ||||| | ||
| 200 | 1 | _aГенеральный доклад | |
| 210 |
_aМосква _cБ. и. _d1966 |
||
| 215 |
_a18 с. _d22 |
||
| 225 | 1 |
_aСимпозиум по проблемам взаимосвязи проектирования и возведения оболочек для производ. и обществ. зданий с большими пролетами. Ленинград. 6-9 сентября 1966 _vТема 2 _iРоль исследований при проектировании оболочек |
|
| 300 | _aОтпеч. множит. аппаратом | ||
| 300 | _aПеред загл. авт.: А.А. Гвоздев; на 2-й с. обл.- А.А. Гвоздев, д-р тех. наук, проф. | ||
| 700 | 1 |
_aГвоздев _bА. А. _f1897- _gАлексей Алексеевич |
|
| 711 | 1 | 2 |
_aМеждународный симпозиум по проблемам взаимосвязи проектирования и возведения оболочек для производственных и общественных зданий с большими пролетами _f1966 _eЛенинград _3RU\NLR\AUTH\8810234012 |
| 801 | 0 |
_aRU _bNLR _gpsbo |
|
| 801 | 1 |
_aRU _bELAR _2rusmarc |
|
| 852 |
_aNLR _j66-6/10020 |
||
| 942 | _cBOOK | ||
| 980 | _aNB | ||